000 00799 a2200193 4500
003 NUST
005 20251118174357.0
040 _cNust
082 _a621.382,SAL
100 _aSaleem, GC Avais ( TCC-15B)
_9131933
245 _aDesign and implementation of cellular jammer /
_cGC Avais Saleem, GC Fasial Jawed ,GC Ali Shahbaz and GC Shehryar Jadoon
260 _aRawalpindi
_bMCS (NUST)
_cMarch, 2007
300 _avii, 77 p.;
505 _aGlobal System For Mobile Communication (Page-1), Introduction to Jamming (Page-15), Voltage Controlled Oscillator (Page-25), Sweep and Noise Generator (Page-34), RF Amplifier (PAge-38), Antenna Systems (Page-43).
650 _aUG Projects
_998716
651 _aTCC-15B
_9131923
700 _aSupervised by Maj (R) Fazal Ahmed
_9131806
942 _cPR
_2ddc
999 _c188639
_d188639